[Event "Corus"]
[Site "Wijk aan Zee"]
[Date "2010.01.30"]
[Round "12"]
[White "Dominguez Perez, Leinier"]
[Black "Ivanchuk, Vassily"]
[Result "1/2-1/2"]
[WhiteElo "2712"]
[BlackElo "2749"]
[Annotator "Marin,M"]
[PlyCount "111"]
[EventDate "2010.01.16"]
[EventType "tourn"]
[EventRounds "13"]
[EventCountry "NED"]
[EventCategory "19"]
[SourceTitle "CBM 135"]
[Source "ChessBase"]
[SourceDate "2010.03.17"]
[SourceVersion "1"]
[SourceVersionDate "2010.03.17"]
[SourceQuality "1"]

1. e4 d5 2. exd5 Qxd5 3. Nc3 Qd6 4. d4 Nf6 5. Nf3 c6 6. Ne5 Nbd7 7. Nc4 Qc7 8.
d5 $5 {Almost a novelty. White hopes to obtain an advance in development by
opening the centre. Strategically, the exchange of the central pawn for the
c6-pawn is a slight concession, though.} g6 $146 {Maintaining the tension.} ({
Black equalized gradually after:} 8... cxd5 9. Nxd5 Nxd5 10. Qxd5 Nf6 11. Qe5
Qxe5+ 12. Nxe5 a6 13. Be3 Ng4 {Bergerhoff,R-Packroff,H/Germany 1996/Corr 2004 
(1/2, 24)}) 9. Qd4 Bg7 10. Bf4 Qd8 11. dxc6 bxc6 12. O-O-O O-O $13 {The
position is characteristic rather for the Sicilian Dragon. WHite is better
developed, but will have to repeatedly move with his queen in the next phase
of the game in order to achieve the desired coordination.} 13. Qd2 Bb7 14. Bh6
Qc7 15. Bxg7 Kxg7 16. Qe3 Nb6 17. Qe5 Rac8 18. Re1 Rfe8 19. f3 Qxe5 20. Rxe5
Nbd5 21. Nd1 Rc7 22. Na5 Bc8 23. a3 h5 24. g3 Bf5 25. c4 Nb6 26. Nc3 Nbd7 27.
Re3 e5 28. Bg2 Nd5 29. cxd5 cxd5 30. Kd1 Rec8 31. Ree1 d4 32. Ne4 Rc1+ 33. Ke2
R1c2+ 34. Kf1 Rxb2 35. Re2 Rcc2 36. Rxc2 Rxc2 37. Nb3 Bxe4 38. fxe4 Nb6 39. Bf3
d3 40. Bd1 Ra2 41. Nc5 Rxa3 42. Ke1 Nc4 43. Rf1 Rc3 44. Na4 d2+ 45. Kf2 Ra3 46.
Nc5 Ne3 47. Rg1 Rc3 48. Na4 Nxd1+ 49. Rxd1 Rc4 50. Nb2 Rxe4 51. Rxd2 h4 52. Nd3
hxg3+ 53. hxg3 Rd4 54. Ke3 Rg4 55. Kf3 Rd4 56. Ke3 1/2-1/2

[Event "ASEAN GM 2nd"]
[Site "Bangkok"]
[Date "2004.07.28"]
[Round "9"]
[White "Nguyen, Anh Dung"]
[Black "Nay, Oo Kyaw Tun"]
[Result "1-0"]
[WhiteElo "2561"]
[BlackElo "2504"]
[Annotator "Marin,M"]
[PlyCount "81"]
[EventDate "2004.07.22"]
[EventType "tourn"]
[EventRounds "10"]
[EventCountry "THA"]
[EventCategory "12"]
[SourceTitle "CBM 103"]
[Source "ChessBase"]
[SourceDate "2004.11.11"]
[SourceVersion "1"]
[SourceVersionDate "2004.11.11"]
[SourceQuality "1"]

1. e4 d5 2. exd5 Qxd5 3. d4 Nc6 4. Ne2 e5 5. Nbc3 Bb4 6. Bd2 Bxc3 7. Bxc3 exd4
8. Nxd4 Nxd4 9. Qxd4 Qxd4 10. Bxd4 Nf6 11. O-O-O Be6 12. b3 O-O 13. Bxf6 gxf6
14. Rd4 Rad8 15. Ra4 a6 16. Bd3 Kg7 17. Re1 Rd6 18. Re3 Rh8 19. Rf4 Bd7 20. a4
h6 21. a5 Re8 22. Kd2 Re5 23. b4 c5 24. Kc3 cxb4+ 25. Kxb4 Rdd5 26. Rxe5 Rxe5
27. Re4 Rh5 28. h4 Bc6 29. Rf4 Re5 30. g3 Rd5 {More active king. Advantage on
both wings. Aktiverer König. Vorteil auf beiden Flügeln.} 31. Rf5 Rd4+ (31...
Re5 32. Rxe5 fxe5 33. Kc5 Bf3 (33... Kf6 34. Bxa6 $18) 34. Bf5 Kf6 35. Bc8 $18)
32. Kc5 Ra4 33. Kb6 Rb4+ 34. Kc7 {[%csl Rc6][%cal Rd3a6]} Rb2 {[%csl Rd5,Re4,
Rf3]} (34... Bg2 35. f3 {[%csl Rb7][%cal Rd3e4]}) 35. Rf4 Ra2 36. Bxa6 Rxa5 37.
Bxb7 Bxb7 38. Kxb7 Ra3 39. c4 Rc3 {This is an optimal situation for White. His
rook defends all the weak pawns leaving Black without any counterplay. The
winning process is rather smooth. Dies ist eine optimale Situation für Weiß.
Sein Turm verteidigt alle schwarzen Bauern, so dass Schwarz ohne jegliches
Gegenspiel bleibt. Der Gewinnprozess verläuft ziemlich glatt.} 40. Kb6 f5 41.
c5 1-0

[Event "Sao Paulo zt 2.4"]
[Site "Sao Paulo"]
[Date "2001.??.??"]
[Round "9"]
[White "Oblitas Guerrero, Carlomagno"]
[Black "Matsuura, Everaldo"]
[Result "1-0"]
[WhiteElo "2404"]
[BlackElo "2467"]
[Annotator "Melao,H"]
[PlyCount "33"]
[EventDate "2001.06.07"]
[EventType "tourn"]
[EventRounds "9"]
[EventCountry "BRA"]
[EventCategory "8"]
[SourceTitle "CBM 082 Extra"]
[Source "ChessBase"]
[SourceDate "2001.07.03"]
[SourceVersion "1"]
[SourceVersionDate "2001.07.03"]
[SourceQuality "1"]

1. e4 d5 2. exd5 Nf6 3. c4 e6 $6 ({o mais coerente parece ser} 3... c6 4. dxc6
Nxc6 5. Nf3 e5 6. Be2 Bc5 {e com o Peão em 'e5' as Pretas conseguem controlar
'd4' e assim ter compensação pelo material.}) 4. dxe6 Bxe6 5. Be2 Nc6 6. Nf3
Bc5 {[%csl Yd4] o Peão estaria compensado se as Pretas conseguissem manter por
longo tempo o controle de 'd4', mas isso parece difícil de conseguir.} 7. O-O
Qd7 8. d3 O-O-O {simples e claramente melhor que o lance do GM Alexander
Onischuk} 9. Be3 $16 (9. Nbd2 $2 Bf5 10. Nb3 Bd4 11. Nbxd4 Nxd4 12. Nxd4 Qxd4
13. Be3 Qxb2 14. Rb1 Qa3 15. Qb3 Qxb3 16. Rxb3 Rhe8 17. h3 Nd7 18. d4 Nb6 19.
Rc1 Kb8 20. Rb4 Be4 21. a4 Nc8 22. a5 Ne7 23. d5 Nf5 24. Bf4 Rd7 25. Bf1 {
1/2-1/2 Onischuk,A-Minasian,A/Batumi 1999/CBM 74 (25)}) (9. Nc3 Bf5 10. Bg5
Bxd3 11. Bxd3 Qxd3 12. Qxd3 Rxd3 13. Bxf6 gxf6 14. Ne4 Be7 15. Rfd1 Rhd8 16.
Rxd3 Rxd3 17. Kf1 Rd8 18. Ng3 Ne5 19. Nxe5 fxe5 20. Ke2 Bc5 21. b3 Rd4 22. f3
Rh4 23. Rh1 Rh6 {Shevelev,A-Giroux,F/Paris 2000/EXT 2001/1-0 (41)}) 9... Bxe3
10. fxe3 Qe7 (10... Ng4 11. Qc1 Rhe8 12. Nc3 Nce5 13. Nxe5 Nxe5 14. d4 Ng4 15.
d5 Bf5 16. Bxg4 Bxg4 17. e4 Re5 18. Qe3 b6 19. c5 Rde8 20. Qd3 bxc5 21. Qa6+
Kd8 22. Qxa7 Ke7 23. Qxc5+ Qd6 24. Qxd6+ cxd6 25. b4 {Sievers,S-Breutigam,M/
Germany 1991/GER-chT/1-0 (38)}) 11. Qc1 Bg4 12. Nc3 Rhe8 13. e4 $5 Qc5+ $1 14.
Kh1 Bxf3 15. Rxf3 Ng4 16. Qg1 Qe5 $4 {perde uma peça...} 17. Rf5 1-0

[Event "Bundesliga 0708"]
[Site "Germany"]
[Date "2008.04.19"]
[Round "14.1"]
[White "Efimenko, Zahar"]
[Black "Glek, Igor Vladimirovich"]
[Result "1-0"]
[WhiteElo "2624"]
[BlackElo "2543"]
[Annotator "Meyer,CD"]
[PlyCount "89"]
[EventDate "2007.10.20"]
[EventType "team-tourn"]
[EventRounds "15"]
[EventCountry "GER"]
[SourceTitle "CBM 124"]
[Source "ChessBase"]
[SourceDate "2008.05.28"]
[SourceVersion "1"]
[SourceVersionDate "2008.05.28"]
[SourceQuality "1"]
[WhiteTeam "Werder Bremen"]
[BlackTeam "Katernberg"]
[WhiteTeamCountry "GER"]
[BlackTeamCountry "GER"]

1. e4 d5 2. exd5 Qxd5 3. Nc3 Qd8 {Ein relativ seltene, etwas passive
Fortsetzung, populärer und vemutlich auch bessere Skandinavier sind 3...Qa5
und 3...Qd6.} 4. d4 Nf6 5. Bg5 {Strebt eine schnelle Entwicklung mit Qd2 und
0-0-0 an, was eine interessante Alternative zu 5.Bc4 und 5.Nf3 darstellt.} c6 (
{Nach dem sorglosen} 5... e6 $6 {bekäme Weiß durch} 6. Nf3 {und z.B.} Be7 7.
Bc4 $14 {einen kleinen, bequemen Vorteil.} (7. Bd3 $14)) 6. Qd2 ({Falls} 6. Nf3
{, so kann} Bf5 (6... Bg4 7. Bxf6 exf6 8. Be2 Bb4 9. Qd3 O-O 10. O-O Nd7 11. a3
Ba5 12. Nd2 Be6 13. Nc4 Bc7 14. Rad1 Re8 15. Bf3 Nb6 16. Nxb6 Bxb6 17. d5 cxd5
18. Nxd5 $14 {1/2-1/2 Leko,P (2694)-Adams,M (2716)/Frankfurt 1999/CBM 072 (53)}
) 7. Qd2 {mit Zugumstellung wieder zum Text führen.} (7. Ne5 Nbd7 8. Bc4 (8.
Qf3 $6 Bxc2 9. Bc4 e6 $15) (8. Bd3 Bxd3 9. Nxd3 e6 $11) 8... Nxe5 9. dxe5 Qxd1+
10. Rxd1 Nd7 11. Bf4 g5 12. Bxg5 Nxe5 ({oder mit Zugumstellung} 12... Rg8 13.
Bf4 Bg7 14. Bb3 Nxe5) 13. Bb3 Rg8 14. Bf4 Bg7 $11) (7. Bc4 e6 $13 {/=, CDM}))
6... Bf5 7. Nf3 (7. O-O-O e6 8. Nge2 h6 9. Bxf6 Qxf6 10. Ng3 Bb4 11. a3 Bxc3
12. Qxc3 O-O 13. Nxf5 exf5 $5 (13... Qxf5 $11) 14. Qb3 Nd7 $5 15. Qxb7 Rfd8 16.
g3 Rab8 17. Qxa7 c5 $44 18. Bg2 Nb6 19. dxc5 Nd5 20. c3 Rxb2 21. Kxb2 Qxc3+ 22.
Kb1 Qb3+ {1/2-1/2 Sprenger,J (2505)-Schunk,T (2315)/Osterburg 2006}) 7... Nbd7
8. O-O-O e6 9. Bd3 Bxd3 10. Qxd3 Be7 11. Rhe1 O-O 12. Ne5 ({Um der drohenden
Verflachung vorzubeugen, mag} 12. Kb1 Nd5 13. h4 $5 {geeigneter sein:} h6 (
13... Nxc3+ 14. Qxc3 h6 15. Bxe7 Qxe7 16. g4 $14) 14. Bxe7 Qxe7 15. Nxd5 cxd5
16. g4 $14) 12... Nd5 (12... Nxe5 13. dxe5 Nd5 14. Bxe7 Qxe7 15. Ne4 b5 16. Qg3
$14 {/=}) 13. Bxe7 Qxe7 14. Ne4 Rad8 (14... Nxe5 15. dxe5 b5 16. Qg3 {wie
gehabt}) 15. Qg3 h6 16. f4 N5f6 17. Nf2 c5 18. Qf3 ({Etwas besser erscheinen: I
} 18. Qa3 Nd5 19. Nxd7 Rxd7 20. dxc5 Nxf4 21. g3 Nd5 22. Ne4 Rc7 $14 {/=}) ({II
} 18. f5 cxd4 19. Nxf7 Rxf7 20. fxe6 Rff8 21. exd7 Qxd7 22. Nd3 Rfe8 $14 {/=})
18... Nb6 $6 (18... Nd5 19. c4 Nxe5 20. dxe5 Nb4 $11 {hätte leicht Ausgleich
ergeben. Nach dem Partiezug indes wird der folgende Damenschwenk unangenehm ...
}) 19. Qa3 $1 Nbd5 $6 ({Unterschätzt den Doppelangriff (c5/a7). Geringere Übel
waren: I} 19... Rc8 20. Nfd3 $14 (20. Qxa7 $4 Qc7 21. dxc5 Qxc5)) ({II} 19...
Nbd7 20. g3 Rfe8 21. Nxd7 Nxd7 22. d5 Nf8 23. c4 $14) 20. Qxc5 $6 ({Stärker war
} 20. dxc5 $1 {mit weißem Vorteil:} Rc8 (20... Nxf4 21. Rxd8 Qxd8 (21... Rxd8
22. g3 N4d5 23. c4 Nc7 24. Qxa7) 22. g3 Qd4 23. Qe3 Qxe3+ 24. Rxe3 N6d5 25. Rb3
) 21. Nfd3 $16) 20... Qxc5 21. dxc5 Nxf4 22. g3 N4d5 23. c4 Ne7 24. b4 $14 Rc8
({Oder} 24... Rxd1+ 25. Rxd1 Rc8 26. Kb2 $14) 25. Nd7 ({Auch die Aktivierung
des Königs mittels} 25. Kb2 {kam in Betracht:} Rfd8 26. Kc3) 25... Rfd8 26.
Nxf6+ gxf6 27. Ne4 f5 ({Von etwa gleicher Qualität sind: I} 27... Nc6 28. a3 (
28. Nxf6+ Kg7 29. Nh5+ Kg6 30. Nf4+ Kf6) 28... f5 29. Nd6 Rc7 $14) ({II} 27...
Rxd1+ 28. Rxd1 Nc6 29. a3 (29. Nd6 Rc7 30. a3) 29... f5 30. Nd6 Rc7 $14) 28.
Nd6 Rb8 29. Kc2 Kg7 $2 ({Danach wir die weiße Initiative am Damenflügel sehr
bedrohlich, während Schwarz mit} 29... b6 {noch rechtzeitig interveniert, z.B.}
30. cxb6 axb6 (30... Rxb6 $4 31. Nxf5 Rxd1 32. Nxe7+ Kf8 33. Rxd1 Kxe7 34. Kc3
$18) 31. Kb3 $14) 30. b5 $16 h5 ({Oder z.B.} 30... Kf6 {(30...a6 31.a4; 30...
Nc8?? 31.Nxf5+)} 31. Re3 Nc8 (31... a6 32. Red3 Rg8 33. a4 Nc8 34. a5 Nxd6 35.
Rxd6 Rg4 36. Kb3 Rgg8 37. Rb6 h5 38. Rd7 $18) 32. Ra3 Rg8 (32... b6 33. Rad3
Nxd6 34. c6 $1 Rbc8 35. Rxd6 Rxd6 36. Rxd6 $16) (32... Rd7 33. Ne4+ Ke7 34.
Rxd7+ Kxd7 35. Nf6+ Ke7 36. Nh5 $16) 33. Rdd3 h5 34. Kc3 $16) 31. Re3 Rh8 32.
Ra3 a6 (32... Nc8 33. Kb3 (33. Rd4)) 33. Rb1 $6 ({Vergibt noch einmal seinen
Vorteil, der mit} 33. c6 $1 bxc6 34. bxa6 h4 35. a7 Ra8 36. Rb1 hxg3 37. hxg3
$16 {festzuhalten war.}) 33... h4 $2 ({Nach diversen Ungenauigkeiten der
letzte und entscheidende Fehler. Erforderlich war} 33... axb5 34. cxb5 h4 $132
{+/=.  Nun jedoch läßt Weiß nicht mehr locker und bringt sein Übergewicht am
Damenflügel zur Geltung.}) 34. bxa6 bxa6 35. Rxb8 Rxb8 36. Rxa6 $18 hxg3 37.
hxg3 Rd8 38. a4 Kf6 39. a5 Ng6 40. c6 Ne7 41. c7 Rg8 42. Rb6 Ke5 43. Nxf7+ Kd4
44. Rxe6 Nc8 45. Rd6+ {- ein "typischer Arbeitssieg" in einem Mannschaftskampf}
1-0

[Event "Olympiad-35"]
[Site "Bled"]
[Date "2002.11.08"]
[Round "13.3"]
[White "Mortensen, Erling"]
[Black "Sermek, Drazen"]
[Result "1/2-1/2"]
[WhiteElo "2458"]
[BlackElo "2590"]
[Annotator "Mortensen,E"]
[PlyCount "138"]
[EventDate "2002.10.26"]
[EventType "team-swiss"]
[EventRounds "14"]
[EventCountry "SLO"]
[SourceTitle "CBM 092"]
[Source "ChessBase"]
[SourceDate "2003.02.06"]
[SourceVersion "1"]
[SourceVersionDate "2003.02.06"]
[SourceQuality "1"]
[WhiteTeam "Denmark"]
[BlackTeam "Slovenia"]
[WhiteTeamCountry "DEN"]
[BlackTeamCountry "SLO"]

1. e4 d5 2. exd5 Qxd5 3. Nc3 Qd6 4. d4 Nf6 5. Nf3 a6 6. Bd3 {A new idea which
prevents the black setup with b5 and Bb7} Bg4 (6... b5 $6 7. a4 b4 8. Ne4 $16)
7. O-O Nc6 $6 {This has been the most popular choice here, but I think black
will have to look for other ways to equalize in the future.} (7... Nbd7 $142)
8. Ne4 $1 {Its better to leave the black bishop stranded on g4} (8. h3 Bh5 (
8... Bxf3 9. Qxf3 Qxd4 10. Rd1 $44) 9. Ne4 Nxe4 10. Bxe4 e6 11. c3 Bg6 $14)
8... Qd5 ({One line which shows the tactical weakness of the bishop on g4 is} 
8... Nxe4 9. Bxe4 e6 10. c3 Be7 11. Qb3 $5 ({Setting a trap.} 11. Qc2 h6 12.
Re1 {with the idea Ne5 is also unpleasant for black}) 11... Rb8 $4 (11... O-O
12. Qxb7 Na5 13. Qxa8 Rxa8 14. Bxa8 $16) (11... Bxf3 12. Bxf3 Rb8 13. Bf4 Qxf4
14. Bxc6+ Kf8 $16) 12. Bxc6+ Qxc6 13. Ne5 $18) 9. h3 $1 $16 (9. c4 Qh5 10.
Nxf6+ gxf6 11. Be4 Rg8 $13) 9... Nxe4 ({Accepting the pawn sacrifice is too
dangerous:} 9... Bxf3 10. Qxf3 Qxd4 11. Be3 Qxb2 12. Rfb1 Qe5 13. Bf4 Qd4 14.
c3 Qa7 (14... Qd8 15. Rxb7 $16) 15. Nxf6+ gxf6 16. Rxb7 Qxb7 17. Rb1 $18) 10.
hxg4 Nd6 11. c3 O-O-O 12. Qe2 g6 ({I expected} 12... g5 {to open the h-file
with h7-h5, but} 13. c4 Qa5 14. Bd2 Qa4 15. d5 Nb4 16. c5 {is still winning
for white}) 13. Bd2 $6 (13. b4 Bg7 14. a4 e5 15. b5 e4 $15) ({More direct was} 
13. c4 $1 Qe6 (13... Qa5 14. Bd2 Qa4 15. d5 Nb4 16. c5 Ne8 (16... Nb5 17. Qe4
$18) 17. b3 Qa3 18. Ne5 Nxd3 19. Nxd3 Bg7 20. Bb4 $18) 14. d5 Qxe2 15. Bxe2 Nb8
16. c5 Nb5 17. a4 Na7 18. Ne5 $18) 13... Bg7 14. Rfe1 Rhe8 15. c4 (15. Qf1 f5
16. gxf5 gxf5 17. c4 Qf7 18. Bc3 $14) 15... Qe6 16. Qxe6+ fxe6 17. Bc3 Nf7 18.
Re4 e5 (18... Nxd4 19. Nxd4 Ng5 20. Nxe6 Nxe6 21. Rxe6 Bxc3 22. Bxg6 hxg6 23.
bxc3 Rd6 $14) (18... Bxd4 19. Nxd4 Nxd4 20. Rxd4 Rxd4 21. Bxd4 Rd8 22. Bxg6
hxg6 23. Bc3 $14) 19. d5 e6 20. dxc6 Rxd3 21. cxb7+ Kxb7 22. c5 Rd5 (22... Kc6
$5 $14) 23. b4 a5 24. a3 Ra8 25. Rc1 (25. Rae1) 25... Kc6 26. Rce1 Rb8 27. g5
axb4 28. axb4 Kd7 29. Rh4 (29. Bd2 Kc6 30. Ra1 $16) 29... Rh8 30. Bd2 Kc6 31.
Be3 Kb5 32. g3 {Planning Kg2 and Rh1} h6 33. gxh6 Nxh6 34. Bxh6 Rxh6 35. Rhe4
Rh5 36. Kg2 Bf6 37. g4 Rh7 38. Nxe5 (38. Ra1 $5) 38... Bxe5 39. Rxe5 Kxb4 40.
Rxe6 g5 41. c6 Rf7 $138 {From here on the new FIDE time control with 30
seconds per move influenced events considerably} (41... Kc5 42. Kg3 Rf7 43.
R1e5 Rg7 44. Rf5 $18) 42. R1e5 (42. Re7 $1 $18) 42... Rd2 43. Re2 Rd5 44. f3
Kc5 45. R2e5 (45. Kg3 Rg7 46. Rf6 Rg8 47. Ree6 Kb6 48. Rf5 Rd3 49. Ree5 $18)
45... Rg7 46. Rxd5+ $2 (46. Re3 $16) 46... Kxd5 47. Rh6 Kd4 $1 48. Kg3 Ke5 $22
{Zugzwang} 49. Kf2 Kd4 50. Rf6 Ke5 51. Rh6 Kd4 52. Kg3 Ke5 53. Kg2 Kd5 54. Kf2
Kd4 55. Rh5 Rg6 56. Kg3 Ke3 57. Rh7 Rxc6 58. Re7+ Kd4 59. Re4+ Kd5 60. Re3 Rc4
61. Re7 Kd6 62. Rg7 Rc5 63. Rg6+ Ke7 64. Kf2 Kf7 65. Rh6 Rc3 66. Ra6 c6 67. Ra5
Kf6 68. Rf5+ Kg6 69. Ke2 Ra3 1/2-1/2